| 000 | 00912nam a2200229Ii 4500 | ||
|---|---|---|---|
| 003 | JO-AjNU | ||
| 008 | 230605s9999||||xx |||||||||||||| ||und|| | ||
| 017 | _a93/8704 | ||
| 040 |
_aJO-AjNU _bara _erda _cJO-AjNU |
||
| 041 | _aara | ||
| 050 | 1 | 4 | _aBP155 1993 |
| 100 | 3 |
_aالعثيمين، محمد الصالح ؛ تحقيق نصوص واخراج احاديث: أبو محمد أشرف بن عبد المقصود, _eauthor _97472 |
|
| 245 | 0 | 0 | _aالشرح الممتع على زاد المستنقع صلاة أهل الأعذار |
| 250 | _aط1 | ||
| 264 | 3 | 1 | _aالرياض: مكتبة طبرية، 1993 |
| 300 |
_a119ص _bيتضمن فهارس الكتاب ص107-119 |
||
| 336 |
_atext _btxt _2rdacontent |
||
| 337 |
_aunmediated _bn _2rdamedia |
||
| 338 |
_avolume _bnc _2rdacarrier |
||
| 490 | 0 | _aمن نفائس ابن عثيمين | |
| 650 | 4 |
_aالصلاة- العبادات- فقه اسلامي _97473 |
|
| 999 |
_aA296 _c3864 _d3864 |
||